000 00756cas a2200193 4500
008 040116t19871987py 000 0 spa u
035 _aa434411
050 0 0 _aHD85 .S7
_bC36 1987
100 1 _aCampos, Luis A.
245 1 3 _aEl sector público en el paraguay :
_banálisis de sus inversiones y empresas /
_Luis A. Campos, Ricardo Canese ; prol. de Carlos Alberto González
260 _aAsunción, Paraguay :
_bCentro Interdiciplinario de Derecho Social y Economía política,
_c1987
300 _a251 p. ;
_c19 cm.
440 0 _aInvestigaciones (CIDSEP) ;
_vno.1
650 1 0 _aEconómia política
_zParaguay
650 2 0 _aGasto público
_zParaguay
700 1 _aCanese, Ricardo, coaut.
700 1 _aGonzález, Carlos Alberto, tr.
942 _2lcc
_cLIB
999 _c66258
_d66258